000 00532nam a2200181Ia 4500
005 20250326141714.0
008 250326s9999 xx 000 0 und d
037 _aTextbook
040 _aFMSL
_beng
_cFMSL
041 _aeng
_2eng
084 _aX:5:Z2 N0
_qFMSL
100 _aSingh M K
_9126416
245 0 _aCorporate communications and promotion management
_cSingh M K; Bhattacharya A
260 _aNew Delhi
_bNew Delhi, Discovery
_c1990
300 _a347p
942 _cTB
_hX:5:Z2 N0
999 _c1291582
_d1291582